Crowdfunding and alternative financing models for women entrepreneurs (Registro nro. 36549)
[ vista simple ]
| 000 -CABECERA | |
|---|---|
| Longitud fija campo de control | 00679nam a2200229 a 4500 |
| 001 - NÚMERO DE CONTROL | |
| Número de control | ES-MaREB00309826-X |
| 003 - IDENTIFICADOR DELl NÚMERO DE CONTROL | |
| Identificador del número de control | OSt |
| 005 - FECHA Y HORA DE LA ÚLTIMA TRANSACCIÓN | |
| Fecha y hora de la última transacción | 20260408171452.0 |
| 008 - CÓDIGOS DE INFORMACIÓN DE LONGITUD FIJA | |
| Códigos de información de longitud fija | 020226s1998 esp 000 0 spa d |
| 020 ## - NÚMERO INTERNACIONAL NORMALIZADO PARA LIBROS | |
| Número Internacional Normalizado para Libros (ISBN) | 979-8-3693-9194-5 |
| 040 ## - FUENTE DE LA CATALOGACIÓN | |
| Centro transcriptor | BMC |
| 082 ## - NÚMERO DE LA CLASIFICACIÓN DECIMAL DEWEY | |
| Númeroo de clasificación | 658.15 |
| 082 ## - NÚMERO DE LA CLASIFICACIÓN DECIMAL DEWEY | |
| Númeroo de clasificación | 658.152 |
| 100 1# - PUNTO DE ACCESO PRINCIPAL-NOMBRE DE PERSONA | |
| 9 (RLIN) | 50270 |
| Nombre de persona | Katper, Naveeda |
| 245 10 - MENCIÓN DE TÍTULO | |
| Título | Crowdfunding and alternative financing models for women entrepreneurs |
| Mención de responsabilidad, etc. | Naveeda Katper |
| 250 ## - MENCIÓN DE EDICIÓN | |
| Mención de edición | 18ª ed |
| 260 ## - PUBLICACIÓN, DISTRIBUCIÓN, ETC. (PIE DE IMPRENTA) | |
| Lugar de publicación, distribución, etc. | Hershey, PA |
| Nombre del editor, distribuidor, etc. | IGI Global Scientific Publishing |
| Fecha de publicación, distribución, etc. | cop. 2025 |
| 300 ## - DESCRIPCIÓN FÍSICA | |
| Extensión | XXI, 302 p. |
| Dimensiones | 26 cm |
| 650 24 - PUNTO DE ACCESO ADICIONAL DE MATERIA - TÉRMINO DE MATERIA | |
| 9 (RLIN) | 14120 |
| Término de materia o nombre geográfico como elemento inicial | Empresas |
| Subdivisión de materia general | Inversiones |
| 650 20 - PUNTO DE ACCESO ADICIONAL DE MATERIA - TÉRMINO DE MATERIA | |
| Término de materia o nombre geográfico como elemento inicial | Emprendedores |
| 9 (RLIN) | 6296 |
| 942 ## - ENTRADA DE ELEMENTOS AGREGADOS (KOHA) | |
| Fuente de clasificaión o esquema | Dewey Decimal Classification |
| Koha [por defecto] tipo de item | 1- Monografias |
| Parte de clasificación | prozim |
| Suprimido | Perdido | Fuente de clasificación o esquema | Estropeado | Restricciones de uso | No para préstamo | Código de colección | Localización permanente | Localización actual | Localización en estanter&íacute;as | Fecha adquisición | Fuente de adquisición | Número de inventario | Préstamos totales | Signatura completa | Código de barras | Fecha última consulta | Coste, precio reemplazado | Fecha del precio de reemplazo | Tipo de item de Koha |
|---|---|---|---|---|---|---|---|---|---|---|---|---|---|---|---|---|---|---|---|
| NULL | NULL | Dewey Decimal Classification | NULL | Prestable | NULL | NULL | Biblioteca Miguel de Cervantes - UNICAES | Biblioteca Miguel de Cervantes - UNICAES | Sala Principal | 07/01/2026 | Compra.F. de C.C. Empresariales | 037012 | 658.15 NAV cro | 1054609 | 22/04/2026 | 160.01 | 22/04/2026 | 1- Monografias | |
| NULL | NULL | Dewey Decimal Classification | NULL | Prestable | NULL | NULL | Biblioteca Miguel de Cervantes - UNICAES | Biblioteca Miguel de Cervantes - UNICAES | Sala Principal | 07/01/2026 | Compra.F. de C.C. Empresariales | 037013 | 658.15 NAV cro | 1054610 | 22/04/2026 | 160.01 | 22/04/2026 | 1- Monografias |